Barclaysmen Quiz Part 1 - Statistics

General Stats
  • This quiz has been taken 12 times
  • The average score is 10 of 16
Answer Stats
Picture Answer % Correct
Demba Ba and Papiss Cisse
92%
Djibril Cisse
92%
Michu
92%
Morten Gamst Pedersen
83%
Shaun Wright-Phillips
83%
Adel Taraabt
67%
Jussi Jaaskelainen
67%
Kanu
67%
Kevin Phillips
58%
Ali Al Habsi
50%
Juninho
50%
Niko Kranjcar
50%
Obafemi Martins
50%
Bobby Zamora
42%
Roque Santa Cruz
42%
Craig Bellamy
33%
No matching quizzes found
Score Distribution
Percent of People with Each Score
Percentile by Number Answered
Your Score History
You have not taken this quiz